| 000 | 00521nam a2200181Ia 4500 | ||
|---|---|---|---|
| 999 |
_c29236 _d29236 |
||
| 003 | OSt | ||
| 005 | 20201231134546.0 | ||
| 008 | 190216s9999||||xx |||||||||||||| ||und|| | ||
| 020 | _a9788171304684 | ||
| 040 | _coclc | ||
| 082 |
_a894.812301 _bPAD/P |
||
| 100 |
_aPadmanabhan, T _97032 |
||
| 245 | 0 |
_aPrakasham Parathunna Oru Penkutty / _cT Padmanabhan |
|
| 260 |
_bDc Books, _aKottayam: _c2006. |
||
| 300 | _a123p | ||
| 650 | _aKathakal | ||
| 942 |
_cBK _2ddc _h894.812301 _iPAD/P _k894.812301 _mPAD/P |
||